Capitales des états d'Iran - Statistiques

Statistiques générales
  • Ce quiz a été pris 34 fois
  • Le résultat moyen est 11 sur 31
Statistiques - réponses
État Capitale % Correct
Teheran Teheran
93%
Ispahan Ispahan
86%
Qom Qom
86%
Kerman Kerman
76%
Azerbaijan Oriental Tabriz
76%
Yadz Yadz
62%
Ardabil Ardabil
59%
Zandjan Zandjan
59%
Qazvin Qazvin
55%
Semnan Semnan
55%
Fars Chiraz
52%
Ilam Ilam
52%
Bouchehr Bouchehr
45%
Khouzistan Ahvaz
28%
Hormozgan Bandar Abbas
28%
Hamedan Hamadan
24%
Khorassan e-Razavi Mechhed
21%
Guilan Racht
21%
Kermanshah Kermanchah
17%
Mazandaran Sari
17%
Sistan et Balouchestan Zahedan
17%
Alborz Karadj
14%
Lorestan Khorramabad
14%
Azerbaijan Occidental Ourmia
14%
Golestan Gorgan
10%
Markazi Arak
7%
Kurdistan Sanandadj
7%
Khorassan méridional Birdjand
3%
Tchaharmahal et Bakhtiari Shahre kord
3%
Kohguilouyeh et Bouyer Ahmad Yassoudj
3%
Khorassan septentrional Bodjnourd
0%
Aucun quiz correspondant
Distribution des résultats
% des personnes avec chaque résultat
Percentile par nombre de réponses
Votre historique - résultats
Vous n’avez pas pris ce quiz